| 000 | 01368nam a22003017a 4500 | ||
|---|---|---|---|
| 003 | DO-SdBNP | ||
| 005 | 20250219170734.0 | ||
| 008 | 211012b ||||| |||| 00| 0 eng d | ||
| 020 | _axxxxxxxxxxxxxx | ||
| 040 |
_aDO-SdBNP _bspa _cBNPHU |
||
| 082 | 4 |
_222 _a352.34 _bR426p, 2021-2024 |
|
| 110 | 1 |
_aRepública Dominicana. _bMinisterio de Economía, Planificación y Desarrollo _966142 |
|
| 245 |
_aPlan nacional plurianual del sector público, 2021-2024/ _ccoordinación general, Pavel Isa, Luis Madera Sued |
||
| 260 |
_aSanto Domingo : _bMEPyD, _c2021 |
||
| 300 |
_a448p. : _bil., cuadros, mapas, _c28 cm. |
||
| 500 | _aIncluye referencias bibliográfica y notas al pie de las páginas | ||
| 500 | _aIncluye glosario | ||
| 500 | _aIncluye lista de acrónimos, siglas y abreviaturas utilizadas | ||
| 504 | _aBibliografía: p.166-171 | ||
| 650 | 4 |
_aPolítica de gastos públicos _zRepública Dominicana _y2021-2024 _980166 |
|
| 650 | 4 |
_aPolítica pública _zRepública Dominicana _y2021-2024 _980167 |
|
| 651 | 4 |
_aRepública Dominicana _xAdministración pública _y2021-2024 _980168 |
|
| 651 | 4 |
_aRepública Dominicana _xPolítica económica _y2021-2024 _980171 |
|
| 651 | 4 |
_aRepública Dominicana _xPolítica social _y2021-2024 _980172 |
|
| 700 | 1 |
_aIsa Contreras, Pavel _d1968- _ecoord. _938198 |
|
| 700 | 1 |
_aMadera Sued, Luis, _ecoord. _980170 |
|
| 942 |
_2ddc _cLBS1 |
||
| 999 |
_c50732 _d50732 |
||